000 00772nam a2200181Ia 4500
008 090124s9999 xx 000 0 und d
082 _b21013
_a1257
100 _aजोशी केशव रा.
245 _a शक्तिपात योगाची दिव्य व अलौकिक वैदिक परंपरा
250 _a1
260 _c1971
300 _a36
600 _aजोशी केशव रा.
630 _a शक्तिपात योगाची दिव्य व अलौकिक वैदिक परंपरा
700 _aजोशी केशव रा.
730 _a शक्तिपात योगाची दिव्य व अलौकिक वैदिक परंपरा
942 _cBOOK
999 _c134812
_d134812